Normal view
MARC view
- Artis, Michael J
Entry Personal Name
001 - CONTROL NUMBER
- control field: 105603
003 - CONTROL NUMBER IDENTIFIER
- control field: NUST
005 - DATE AND TIME OF LATEST TRANSACTION
- control field: 20221222092502.0
008 - FIXED-LENGTH DATA ELEMENTS
- fixed length control field: 221222|| aca||aabn | a|a d
040 ## - CATALOGING SOURCE
- Original cataloging agency: NUST
- Transcribing agency: NUST
100 ## - HEADING--PERSONAL NAME
- Personal name: Artis, Michael J
670 ## - SOURCE DATA FOUND
- Source citation: Work cat.: (NUST)184612: The UK economy :, 1996.
